00542nam a2200193 a 450000100060000000300090000600800410001502000150005604000280007108200160009910000580011524500310017326000300020430000110023449000260024565000200027165000220029165000350031319889CO-ViMGA141112s2004 ck r 000 u spa d a9681859340 aCO-ViMGAbspacCO-ViMGA04a641.34 M3941 aMexico. Secretaria de Comercio y Fomento Industrial, 10aJugos de Frutas y verduras aMexico : bLimusa, c2000 a238 p. aGuías empresariales14aJUGOS DE FRUTAS14aJUGOS DE VERDURAS14aMICROEMPRESAS - ADMINISTRACION